Principles of molecular virology
The book provides an essential introduction to modern virology. Focusing on a molecular approach, this book presents the principles of virology in a clear concisemanner; explores and explains the fundamental aspects of virology including; structures of virus particles and virus genomes, virus replic...
Uloženo v:
| Hlavní autor: | |
|---|---|
| Médium: | Kniha |
| Jazyk: | Undetermined |
| Vydáno: |
San Diego, California
Academic
1997
|
| Témata: | |
| Tagy: |
Přidat tag
Žádné tagy, Buďte první, kdo otaguje tento záznam!
|
| Thư viện lưu trữ: | Trung tâm Học liệu Trường Đại học Cần Thơ |
|---|
| LEADER | 01217nam a2200205Ia 4500 | ||
|---|---|---|---|
| 001 | CTU_19436 | ||
| 008 | 210402s9999 xx 000 0 und d | ||
| 082 | |a 579.2 | ||
| 082 | |b C224 | ||
| 100 | |a Alan J Cann | ||
| 245 | 0 | |a Principles of molecular virology | |
| 245 | 0 | |c Alan J Cann | |
| 260 | |a San Diego, California | ||
| 260 | |b Academic | ||
| 260 | |c 1997 | ||
| 520 | |a The book provides an essential introduction to modern virology. Focusing on a molecular approach, this book presents the principles of virology in a clear concisemanner; explores and explains the fundamental aspects of virology including; structures of virus particles and virus genomes, virus replication, control of gene expression, virus pathogenesis (including AIDS), detailed and up-to-date discussion of prion diseases. This book is expanded and has been completely with many figures and tables, which complement the text. The summaries and self-assessment questions at the end of each chapter provide excellent revision aids | ||
| 650 | |a gene expression regulation, viral,Genome, viral,Virus diseases,Virus replication,Viruses | ||
| 650 | |x Physiology | ||
| 904 | |i Minh | ||
| 980 | |a Trung tâm Học liệu Trường Đại học Cần Thơ | ||